000 00940nam a22001815i 4500
001 160307
003 ES-MaACL
005 20230906212008.0
008 020422s1872 sp |||| | spa d
040 _aCAM
_bspa
_cCAM
100 1 _aMozo de Rosales, Emilio.
_9130267
245 1 0 _aHistoria de una maleta
_b: juguete cómico en un acto y en prosa /
_coriginal de Emilio Mozo de Rosales.
260 _aMadrid :
_b[s.n.],
_c1872 (
_fImprenta de Serafin Landáburu)
300 _a23 p. ;
_c20 cm.
500 _aEn port.: Representado por primera vez en el teatro de la Alhambra en la noche del 13 de abril de 1872.
596 1 _aEn verso de la port. consta: "... colección de piezas titulada El teatro Cómico ..."
852 _aES-MaACL
_jF-8566(8)
_z-- Enc. pasta española
_z-- Dedicatoria. ms.: ded. del autor al actor Banovio?
_z.- Enc. en un vol. facticio formando formando parte de la col. facticia "Teatro español moderno", vol. 19
999 _c160307
_d160307